<?xml version="1.0" encoding="UTF-8"?>
<collection xmlns="http://www.loc.gov/MARC21/slim">
<record>
  <controlfield tag="001">297035</controlfield>
  <controlfield tag="005">20240928180926.0</controlfield>
  <datafield tag="035" ind1=" " ind2=" ">
    <subfield code="a">G:(GEPRIS)329437566</subfield>
  </datafield>
  <datafield tag="024" ind1="7" ind2=" ">
    <subfield code="a">G:(GEPRIS)329437566</subfield>
    <subfield code="d">329437566</subfield>
  </datafield>
  <datafield tag="040" ind1=" " ind2=" ">
    <subfield code="a">GEPRIS</subfield>
    <subfield code="c">http://gepris.its.kfa-juelich.de</subfield>
  </datafield>
  <datafield tag="150" ind1=" " ind2=" ">
    <subfield code="a">Untersuchung der Schalenevolution and Formkoexistenz in neutronenreichen Krypton Isotopen</subfield>
    <subfield code="y">2016 - 2023</subfield>
  </datafield>
  <datafield tag="371" ind1=" " ind2=" ">
    <subfield code="a">Dr. Andrey Blazhev</subfield>
  </datafield>
  <datafield tag="450" ind1=" " ind2=" ">
    <subfield code="a">DFG project G:(GEPRIS)329437566</subfield>
    <subfield code="w">d</subfield>
    <subfield code="y">2016 - 2023</subfield>
  </datafield>
  <datafield tag="510" ind1="1" ind2=" ">
    <subfield code="a">Deutsche Forschungsgemeinschaft</subfield>
    <subfield code="0">I:(DE-588b)2007744-0</subfield>
    <subfield code="b">DFG</subfield>
  </datafield>
  <datafield tag="680" ind1=" " ind2=" ">
    <subfield code="a">Wir werden die Entwicklung der Deformation und der Formkoexistenz in den neutronenreichen Isotopen 93Kr, 94Kr, 95Kr und 96Kr untersuchen, zunächst, in dem wir Daten aus einem Nukleon-Knockout- und Inelastischen Proton-Streu Experiment mit einem flüssigen Wasserstoff Target und In-Beam Gamma Spektroskopie benutzen. Für den ungeraden Kern 95Kr bietet die Kombination mit Daten aus Hochauflösender Gamma Spectroskopie der gestoppten Kerne eine einzigartige Möglichkeit um Zustände und Einteilchenstruktur überhalb der schon bekanten isomeren Zustände zu erforschen. Die zusätzlich angestrebten Experimente mit Niederenergie-Coulomb- Anregung von radioaktiven Krypton Strahlen in inverser Kinematik werden komplementäre Kernstrukturinformation, wie Übergangs- und Diagonal-Matrixelemente, liefern.</subfield>
  </datafield>
  <datafield tag="909" ind1="C" ind2="O">
    <subfield code="o">oai:juser.fz-juelich.de:963778</subfield>
    <subfield code="p">authority:GRANT</subfield>
    <subfield code="p">authority</subfield>
  </datafield>
  <datafield tag="980" ind1=" " ind2=" ">
    <subfield code="a">G</subfield>
  </datafield>
  <datafield tag="980" ind1=" " ind2=" ">
    <subfield code="a">AUTHORITY</subfield>
  </datafield>
  <datafield tag="909" ind1="C" ind2="O">
    <subfield code="o">oai:juser.fz-juelich.de:963778</subfield>
  </datafield>
</record>
</collection>